Estrategia de incidencia y comunicación para la generación de políticas públicas
में बचाया:
| मुख्य लेखक: | |
|---|---|
| अन्य लेखक: | |
| स्वरूप: | पुस्तक |
| भाषा: | Spanish |
| प्रकाशित: |
San José, Costa Rica:
sin fecha
|
| टैग: |
टैग जोड़ें
कोई टैग नहीं, इस रिकॉर्ड को टैग करने वाले पहले व्यक्ति बनें!
|
MARC
| LEADER | 00000nam a22000007a 4500 | ||
|---|---|---|---|
| 003 | cru CIDCACS/IIS | ||
| 005 | 20240814094434.0 | ||
| 008 | 230424bs.f. cr ||||| |||| 00| 0 spa d | ||
| 040 | |c cru CIDCACS/IIS |a cru CIDCACS/IIS |b spa | ||
| 090 | |a 04.03.02 H557e | ||
| 100 | 1 | |9 10913 |a Hernández, Carlos E. | |
| 245 | |a Estrategia de incidencia y comunicación para la generación de políticas públicas |c Carlos Hernández, Melvyn Aguilar y Mesa Nacional Campesina (M.N.C.) |h [impreso] | ||
| 260 | |a San José, Costa Rica: |c sin fecha | ||
| 300 | |a 9 páginas | ||
| 700 | 1 | |9 11203 |a Aguilar, Melvyn | |
| 942 | |2 z |c LITG |h 04.03.02 H557e |i 23305 |k 04.03.02 |m H557e |6 040302_H557E_23305 | ||
| 999 | |c 44900 |d 44900 | ||
